We are Mexico

Saved in:
Bibliografiske detaljer
Format: Bog
Sprog:engelsk
Udgivet: Canberra APEC 1999
Fag:
Tags: Tilføj Tag
Ingen Tags, Vær først til at tagge denne postø!

MARC

LEADER 00000nam a2200000 a 4500
001 UCO8488
003 CL-VaPUC
008 001207e19990000AT |||||||||||||||||eng|d
082 0 4 |a 372.83  |b WEA  |2 21 
245 1 0 |a We are Mexico 
300 |a 29 p 
942 |c BK 
945 |d 20001207 00:00:00  |a cmena 
260 |a Canberra  |b APEC  |c 1999 
500 |a Material en Hemeroteca 
500 |a Material complementario con textos We are APEC teacher's guide y We are Australia, Brunei Darussalam, Canada, Hong Kong, China, Indonesia, Korea, Malaysia, Papua New Guinea, Philippines, Chinese Taipei, Thailand y CD-ROM We are APEC 
650 0 |a Métodos de enseñanza  |9 270413 
650 0 |a Relaciones Internacionales  |9 255740 
650 7 |a COMERCIO INTERNACIONAL  |2 CL-VaPUC  |9 453414 
650 0 |a Desarrollo económico y social   |9 256320 
651 0 |a México  |9 255269 
583 |a last modification  |c 20170911 04:00:06  |k Rodrigo Vera 
999 |c 293107  |d 293105 
952 |0 0  |1 0  |4 0  |6 372_830000000000000_WEA_1999  |7 0  |8 A  |9 344300  |a BIBEDU  |b BIBEDU  |d 2019-11-20  |i 3630129  |o 372.83 WEA 1999  |p 3630129  |r 2019-11-20  |w 2019-11-20  |y BK  |k BME